| 000 | 01229cas a22003137c 4500 | ||
|---|---|---|---|
| 001 | 36875 | ||
| 003 | UA-OsUOA | ||
| 005 | 20230612113943.0 | ||
| 007 | ta | ||
| 008 | 200602c1940 un mr|p|| 0| 0 ukrc|ukr d | ||
| 022 | _a0868479011 | ||
| 040 |
_aUA-OsUOA _bukr _cUA-OsUOA _dUA-OsUOA |
||
| 041 | _aukr | ||
| 044 | _aUA | ||
| 080 | _a82 | ||
| 090 |
_a82 _bД43 |
||
| 099 | _a74183 | ||
| 110 | _aНаціональна спілка письменників України | ||
| 245 |
_aДзвін _bщомісячний літературно-мистецький та громадсько-політичний часопис _cгол. ред. Кудлик Р. |
||
| 260 |
_aЛьвів _bЧервона калина _c1940 |
||
| 310 | _aщомісяця | ||
| 505 | _a«Дзвін» — щомісячний літературно-мистецький і громадсько-політичний часопис Національної спілки письменників України. | ||
| 650 | 7 |
_a82 Література. Літературознавство _2UDC |
|
| 942 |
_cMG _2udc _s1 |
||
| 955 | _a3 | ||
| 962 | _d1940 | ||
| 999 |
_c323108 _d323108 |
||